| 000 | 00973nam a2200241 i 4500 | ||
|---|---|---|---|
| 001 | 98584 | ||
| 003 | ES-MaACL | ||
| 005 | 20250424152204.0 | ||
| 007 | t| | ||
| 008 | 051011s1916 sp |||| | spa d | ||
| 080 | _a314.7-054.72(=1.460:8=134)"19" | ||
| 100 | 1 |
_aLabra y Martínez, Rafael María de, _dn. 1886 _969276 |
|
| 245 | 1 | 4 |
_aLos españoles contemporáneos de América _b: memoria leída en el Ateneo de Madrid en el curso académico de 1915-1916 / _cpor Rafael María de Labra y Martínez. |
| 260 |
_aMadrid : _b[s.n.], _c1916 ( _fJaime Ratés) |
||
| 300 |
_a64 p. ; _c22 cm. |
||
| 530 | _aDisponible en formato digital. | ||
| 610 | 2 | 4 |
_aAteneo de Madrid- _vConferencias- _y1900-1939 _91907 |
| 650 | 1 | 4 |
_aEspañoles- _zAmérica Latina. _9163615 |
| 852 |
_aES-MaACL _j2197-F-5 _cDEPOF _zRevisado enlace: 24 de Abril de 2025 |
||
| 856 |
_uhttp://bdh-rd.bne.es/viewer.vm?id=0000132989&page=1 _yBiblioteca Digital Hispánica |
||
| 942 | _2udc | ||
| 999 |
_c98584 _d98584 |
||